000
00281nam a2200109 4500
008
160702b xxu||||| |||| 00| 0 eng d
100
_9
1813
_a
Charles, et al
245
_a
Tales from Shakepeare
260
_a
New Delhi
_b
S.Chand
300
_a
Tales from Shakepeare
942
_2
ddc
_c
BK
999
_c
1517
_d
1517